| Tag |
First Indicator |
Second Indicator |
Subfields |
| LEADER |
00000pam a2200000 a 4500 |
| 001 |
in00002012235 |
| 005 |
20151031153927.0 |
| 008 |
031125s2004 inu b 001 0 eng |
| 010 |
|
|
|a 2003025959
|
| 020 |
|
|
|a 1557533520
|
| 035 |
|
|
|a (OCoLC)ocm53896544
|
| 040 |
|
|
|a DLC
|c DLC
|d TXA
|d UtOrBLW
|
| 043 |
|
|
|a s-bl---
|
| 049 |
|
|
|a TXAM
|
| 050 |
0 |
0 |
|a PQ9533
|b .P56 2004
|
| 082 |
0 |
0 |
|a 869.09/3538/0820981
|2 22
|
| 100 |
1 |
|
|a Pinto, Cristina Ferreira,
|d 1960-
|
| 245 |
1 |
0 |
|a Gender, discourse, and desire in twentieth-century Brazilian women's literature /
|c Cristina Ferreira-Pinto.
|
| 264 |
|
1 |
|a West Lafayette, Ind. :
|b Purdue University Press,
|c [2004]
|
| 264 |
|
4 |
|c ©2004
|
| 300 |
|
|
|a xiv, 208 pages ;
|c 23 cm.
|
| 336 |
|
|
|a text
|b txt
|2 rdacontent
|
| 337 |
|
|
|a unmediated
|b n
|2 rdamedia
|
| 338 |
|
|
|a volume
|b nc
|2 rdacarrier
|
| 490 |
1 |
|
|a Purdue studies in Romance literatures ;
|v v. 29
|
| 504 |
|
|
|a Includes bibliographical references (pages 185-198) and index.
|
| 650 |
|
0 |
|a Brazilian literature
|x Women authors
|x History and criticism.
|
| 650 |
|
0 |
|a Brazilian literature
|y 20th century
|x History and criticism.
|
| 650 |
|
0 |
|a Women and literature
|z Brazil
|x History
|y 20th century.
|
| 650 |
|
0 |
|a Women in literature.
|
| 650 |
|
0 |
|a Sex role in literature.
|
| 650 |
|
0 |
|a Desire in literature.
|
| 830 |
|
0 |
|a Purdue studies in Romance literatures ;
|v v. 29.
|
| 856 |
4 |
1 |
|3 Table of contents
|u http://www.loc.gov/catdir/toc/ecip0411/2003025959.html
|t 0
|
| 948 |
|
|
|a cataloged
|b h
|c 2004/12/17
|d c
|e dmitchel
|f 11:20:10 am
|
| 994 |
|
|
|a E0
|b TXA
|
| 999 |
|
|
|a MARS
|
| 999 |
f |
f |
|s e31b7705-86a8-3d84-b198-286b7574573e
|i bfee5a34-bcf7-3148-abf9-c0c269f54553
|t 0
|
| 952 |
f |
f |
|p normal
|a Texas A&M University
|b College Station
|c Sterling C. Evans Library
|d Evans: Library Stacks
|t 0
|e PQ9533 .P56 2004
|h Library of Congress classification
|i unmediated -- volume
|m A14831642256
|
| 998 |
f |
f |
|a PQ9533 .P56 2004
|t 0
|l Evans: Library Stacks
|